Balkan national figures that fought the Ottoman Empire - Statistics

General Stats
  • This quiz has been taken 60 times
  • The average score is 5 of 16
Answer Stats
Picture Hint Answer % Correct
Romania (1428-1476) Vlad the Impaler
90%
Albania (1405-1468) Skanderbeg
76%
Serbia (1762-1817) Karađorđe
43%
Albania/Kosovo (1864-1916) Isa Boletini
38%
Albania (1846-1900) Naim Frashëri
36%
North Macedonia (1872-1903) Gotse Delchev
31%
Greece (1771-1825) Laskarína Bouboulína
31%
Greece (1770-1843) Theódoros Kolokotrónis
31%
Montenegro (1813-1851) Petar II Petrović-Njegoš
26%
Bulgaria (1837-1873) Vasi Levski
26%
Bosnia-Herzegovina (1802-1834) Husein Gradaščević
24%
Serbia (1780-1860) Miloš Obrenović
21%
Albania/Kosovo (1895-1927) Shote Galica
19%
Greece (1788-1823) Márkos Bótzaris
17%
Bulgaria & North Macedonia (1805-1898) Ilyo Voyvoda
5%
North Macedonia (1874-1958) Maslina Grancharova
2%
No matching quizzes found
Score Distribution
Percent of People with Each Score
Percentile by Number Answered
Your Score History
You have not taken this quiz